| 000 | 01083nmm a2200325 a 4500 | ||
|---|---|---|---|
| 001 | ocm0002015438 | ||
| 003 | TR-IsHL | ||
| 005 | 20201028175558.0 | ||
| 008 | 181029s2016 tu tur | ||
| 007 | cr cn | ||
| 020 | _a9786059148368 | ||
| 035 |
_a2015438 _b(N$T) |
||
| 050 | 0 | 4 |
_aPL314.A54 _bP47 2016 |
| 090 | 0 | 4 |
_aPL314.A54 _bP47 2016 |
| 100 | 1 | _aPervin | |
| 245 | 1 | 0 |
_aAnar'ın dünyası _h[electronic resource] / _cPervin ; çeviren Yrd.Doç.Dr. Aysun Demirez Güneri; Genel Yayın Yönetmeni Yakup Ömeroğlu |
| 250 | _a1. Baskı | ||
| 260 |
_aAnkara : _bBengü Yayınları, _c2016 |
||
| 300 | _a280 p. | ||
| 650 | 4 | _aDil ve Edebiyat | |
| 650 | 4 | _aLanguage and Literature | |
| 650 | 0 | _aAzerbaycan edeiyatı | |
| 650 | 0 | _aAzerbaijan literature | |
| 650 | 0 | _aAnar Rızayev | |
| 650 | 0 | _aAnar, Rzayev | |
| 650 | 7 |
_aLITERARY CRITICISM / Russian & Former Soviet Union _2bisacsh |
|
| 700 | 1 | _aGüneri, Aysun Demirez | |
| 700 | 1 | _aÖmeroğlu, Yakup | |
| 856 | 4 | 0 | _uhttp://search.ebscohost.com/login.aspx?direct=true&scope=site&db=e011xww&AN=2015438 |
| 999 |
_c18735 _d18735 |
||